000 00422nam a2200181Ia 4500
005 20250423095850.0
008 250422s9999 xx 000 0 und d
020 _a0-13-221308-7
050 _aHG 4661 .D47/
100 _aJames Revshark Deporre
245 0 _aInvest Like a Shark
260 _aNew Jersey
260 _bPearson Education Inc
260 _c2008
300 _a197 p
650 _aStocks
942 _cBK
999 _c31566
_d31566